[Event "Lethbridge op"]
[Site "Lethbridge CAN"]
[Date "2009.04.04"]
[Round "1"]
[White "Zeggelaar, Mike"]
[Black "Pisanski, Peter"]
[Result "1/2-1/2"]
[WhiteElo "1834"]
[BlackElo "1369"]
[PlyCount "110"]
[GameId "2160767910222971"]
[EventDate "2009.04.04"]
[EventType "swiss"]
[EventRounds "5"]
[EventCountry "CAN"]
[SourceTitle "EXT 2011"]
[Source "ChessBase"]
[SourceDate "2011.11.26"]
[SourceVersion "1"]
[SourceVersionDate "2011.11.26"]
[SourceQuality "1"]

1. e4 e5 2. Nf3 Nc6 3. Bb5 a6 4. Ba4 Nf6 5. O-O Be7 6. Re1 b5 7. Bb3 O-O 8. c3 d5 9. exd5 Nxd5 10. Nxe5 Nxe5 11. Rxe5 Bb7 12. d4 Bd6 13. Rh5 Re8 14. Bg5 Qd7 15. Nd2 Nf4 16. Bxf4 Bxf4 17. Bc2 Bxd2 18. Qxd2 Qg4 19. Rg5 Re2 20. Rxg4 Rxd2 21. Be4 Bxe4 22. Rxe4 Rxb2 23. Rae1 g6 24. R4e2 Rxe2 25. Rxe2 Kf8 26. Kf1 f5 27. Re6 Kf7 28. Rc6 Ra7 29. Ke2 Ke7 30. Kf3 a5 31. a3 Kd7 32. d5 b4 33. cxb4 axb4 34. axb4 Rb7 35. Rc4 Kd6 36. Rd4 Ke5 37. Ke3 g5 38. f4+ gxf4+ 39. Rxf4 Ra7 40. g3 Ra3+ 41. Kf2 Ra2+ 42. Kg1 Rb2 43. h4 h5 44. Rc4 Kd6 45. Rc6+ Kxd5 46. Rxc7 Rxb4 47. Kg2 f4 48. Rh7 fxg3 49. Rxh5+ Ke6 50. Kxg3 Rb3+ 51. Kf4 Rb4+ 52. Ke3 Rb3+ 53. Kd4 Kf6 54. Rh8 Kg7 55. Rd8 Rb4+ 1/2-1/2

[Event "Lethbridge op"]
[Site "Lethbridge CAN"]
[Date "2009.04.04"]
[Round "2"]
[White "Berndtsson, Kurt"]
[Black "Holmes, Gregory"]
[Result "0-1"]
[WhiteElo "1301"]
[BlackElo "1626"]
[PlyCount "87"]
[GameId "2160767910222972"]
[EventDate "2009.04.04"]
[EventType "swiss"]
[EventRounds "5"]
[EventCountry "CAN"]

1. e4 e5 2. Nf3 Nc6 3. Bb5 d6 4. Bxc6+ bxc6 5. O-O Nf6 6. Nc3 Be7 7. d4 exd4 8. Nxd4 c5 9. Nde2 Bb7 10. f3 O-O 11. a4 a5 12. Nf4 Re8 13. b3 Ba6 14. Rf2 c4 15. Ncd5 Nxd5 16. Nxd5 Bf6 17. c3 c6 18. Nxf6+ Qxf6 19. Qd4 Qe6 20. b4 axb4 21. cxb4 Reb8 22. Bb2 f6 23. b5 cxb5 24. a5 b4 25. Qd5 Qxd5 26. exd5 c3 27. Bc1 Re8 28. Bf4 b3 29. Rb1 Bd3 30. h3 Bxb1 31. Kh2 Bd3 32. Bxd6 b2 33. Bb4 c2 34. Ba3 b1=Q 35. d6 Rxa5 36. d7 Rd8 37. Bb4 Qxb4 38. g4 Qd6+ 39. f4 Qd4 40. Kg2 Be4+ 41. Kg3 Ra3+ 42. Kh4 Qxf2+ 43. Kh5 g6+ 44. Kh6 0-1

[Event "Lethbridge op"]
[Site "Lethbridge CAN"]
[Date "2009.04.04"]
[Round "2"]
[White "Cletheroe, Kelvin"]
[Black "Hughey, Micah"]
[Result "1/2-1/2"]
[Annotator ",Tony"]
[WhiteElo "1902"]
[BlackElo "2179"]
[PlyCount "62"]
[GameId "2160767910222973"]
[EventDate "2009.04.04"]
[EventType "swiss"]
[EventRounds "5"]
[EventCountry "CAN"]

1. Nc3 Nf6 2. e4 e5 3. f4 d5 4. fxe5 Nxe4 5. Nf3 Nxc3 6. bxc3 Be7 7. d4 Nc6 8. Bd3 f6 9. exf6 Bxf6 10. O-O O-O 11. Ba3 Be7 12. Bxe7 Qxe7 13. Qd2 Bf5 14. Rae1 Qd6 15. Bxf5 Rxf5 16. Qd3 Raf8 17. Re2 Na5 18. Ref2 g6 19. Re2 Nc4 20. Rfe1 Qf4 21. h3 b5 22. Re7 R5f7 23. Qe2 Rxe7 24. Qxe7 Qd6 25. Qg5 c6 26. Qg4 Rf5 27. Nh4 Rf4 28. Qg5 Qf6 29. Qh6 Nd6 30. Nf3 Rxf3 31. gxf3 Qxf3 1/2-1/2

[Event "Lethbridge op"]
[Site "Lethbridge CAN"]
[Date "2009.04.04"]
[Round "2"]
[White "Ficzere, Tony"]
[Black "Zeggelaar, Mike"]
[Result "1/2-1/2"]
[WhiteElo "1808"]
[BlackElo "1834"]
[PlyCount "43"]
[GameId "2160767910222975"]
[EventDate "2009.04.04"]
[EventType "swiss"]
[EventRounds "5"]
[EventCountry "CAN"]
[SourceTitle "EXT 2011"]
[Source "ChessBase"]
[SourceDate "2011.11.26"]
[SourceVersion "1"]
[SourceVersionDate "2011.11.26"]
[SourceQuality "1"]

1. d4 e6 2. Nf3 b6 3. Bf4 Bb7 4. e3 d6 5. Bd3 Ne7 6. O-O g6 7. Nbd2 Bg7 8. c3 O-O 9. Qe2 Nd7 10. Rad1 d5 11. e4 dxe4 12. Nxe4 Bxe4 13. Bxe4 c6 14. Ne5 Nxe5 15. dxe5 Nd5 16. Bg3 Qc7 17. c4 Ne7 18. Rd6 Nf5 19. Rxc6 Nxg3 20. hxg3 Qxe5 21. b3 Rad8 22. Re1 1/2-1/2

[Event "Lethbridge op"]
[Site "Lethbridge CAN"]
[Date "2009.04.04"]
[Round "2"]
[White "Fitzgerald, Jerry"]
[Black "Viau, Ferni"]
[Result "0-1"]
[WhiteElo "1631"]
[BlackElo "1410"]
[PlyCount "62"]
[GameId "2160767910222976"]
[EventDate "2009.04.04"]
[EventType "swiss"]
[EventRounds "5"]
[EventCountry "CAN"]
[SourceTitle "EXT 2011"]
[Source "ChessBase"]
[SourceDate "2011.11.26"]
[SourceVersion "1"]
[SourceVersionDate "2011.11.26"]
[SourceQuality "1"]

1. b3 e5 2. Bb2 Nc6 3. a3 Nf6 4. e3 a6 5. Ne2 d6 6. Ng3 Be6 7. Bd3 Be7 8. O-O Qd7 9. f4 g6 10. f5 gxf5 11. Nxf5 Rg8 12. Nc3 O-O-O 13. e4 Rg6 14. Ne2 Rdg8 15. Neg3 h5 16. Rf2 Ng4 17. Qf3 Nxf2 18. Kxf2 Bxf5 19. exf5 Rg5 20. Bf1 h4 21. Bd3 hxg3+ 22. hxg3 d5 23. Qe2 Rxg3 24. Rg1 Bc5+ 25. Kf1 Bxg1 26. Kxg1 e4 27. Bxa6 Qxf5 28. Bxb7+ Kxb7 29. Qb5+ Kc8 30. Qxc6 Rxg2+ 31. Kh1 Qf1# 0-1

[Event "Lethbridge op"]
[Site "Lethbridge CAN"]
[Date "2009.04.04"]
[Round "2"]
[White "Fox, Thomas"]
[Black "Taylor, Bill"]
[Result "1-0"]
[WhiteElo "1664"]
[BlackElo "1924"]
[PlyCount "67"]
[GameId "2160767910222977"]
[EventDate "2009.04.04"]
[EventType "swiss"]
[EventRounds "5"]
[EventCountry "CAN"]
[SourceTitle "EXT 2011"]
[Source "ChessBase"]
[SourceDate "2011.11.26"]
[SourceVersion "1"]
[SourceVersionDate "2011.11.26"]
[SourceQuality "1"]

1. d4 Nf6 2. Bg5 g6 3. Nc3 d5 4. Nf3 Bg7 5. e3 h6 6. Bh4 g5 7. Bg3 Nh5 8. Be5 f6 9. Nh4 g4 10. Qd3 Be6 11. Bg3 O-O 12. Qg6 Nxg3 13. hxg3 Qe8 14. Qd3 f5 15. O-O-O c6 16. Ne2 Bd7 17. Nf4 e5 18. dxe5 Qxe5 19. Qb3 Qc7 20. c4 Qb6 21. Qc2 Na6 22. a3 d4 23. exd4 Bxd4 24. Nhg6 Kg7 25. Nxf8 Rxf8 26. Qd2 c5 27. Re1 Rf7 28. Ne6+ Kg8 29. Nxd4 cxd4 30. Rxh6 Qd8 31. Rg6+ Rg7 32. Rxg7+ Kxg7 33. Qxd4+ Kg6 34. Re6+ 1-0

[Event "Lethbridge op"]
[Site "Lethbridge CAN"]
[Date "2009.04.04"]
[Round "2"]
[White "Marshall, Jim"]
[Black "Kurylo, Ivor"]
[Result "0-1"]
[WhiteElo "1620"]
[BlackElo "1364"]
[PlyCount "82"]
[GameId "2160767910222979"]
[EventDate "2009.04.04"]
[EventType "swiss"]
[EventRounds "5"]
[EventCountry "CAN"]
[SourceTitle "EXT 2011"]
[Source "ChessBase"]
[SourceDate "2011.11.26"]
[SourceVersion "1"]
[SourceVersionDate "2011.11.26"]
[SourceQuality "1"]

1. e4 c5 2. Nf3 Nc6 3. d4 cxd4 4. Nxd4 d6 5. c4 e6 6. Nc3 a6 7. Be3 Nf6 8. Be2 Be7 9. O-O O-O 10. f4 Qc7 11. Kh1 Rd8 12. Qe1 e5 13. Nxc6 Qxc6 14. Bd3 Rb8 15. Rc1 Qd7 16. Ba7 Ra8 17. Bb6 Re8 18. f5 Qc6 19. Be3 Rb8 20. Rf3 Qd7 21. Rg3 Nh5 22. Rh3 Nf4 23. Bxf4 exf4 24. Nd5 Bg5 25. Rf3 b5 26. b3 Bb7 27. Nxf4 Bxe4 28. Bxe4 Qe7 29. Nd5 Qe5 30. Rd1 Qxe4 31. Qxe4 Rxe4 32. Nc3 Re7 33. h4 Bxh4 34. Rxd6 bxc4 35. Rxa6 cxb3 36. axb3 Reb7 37. Na4 Be7 38. Rc6 Rxb3 39. Rxb3 Rxb3 40. Rc8+ Bf8 41. Nc5 Rc3 0-1

[Event "Lethbridge op"]
[Site "Lethbridge CAN"]
[Date "2009.04.04"]
[Round "2"]
[White "Scholz, Mike"]
[Black "Ilnytsky, Slava"]
[Result "1-0"]
[WhiteElo "1478"]
[BlackElo "1295"]
[PlyCount "85"]
[GameId "2160767910222980"]
[EventDate "2009.04.04"]
[EventType "swiss"]
[EventRounds "5"]
[EventCountry "CAN"]
[SourceTitle "EXT 2011"]
[Source "ChessBase"]
[SourceDate "2011.11.26"]
[SourceVersion "1"]
[SourceVersionDate "2011.11.26"]
[SourceQuality "1"]

1. d4 Nf6 2. Nc3 d6 3. e4 b6 4. Be2 Nbd7 5. d5 Bb7 6. Nh3 e6 7. O-O Qe7 8. Bg5 h6 9. Bxf6 Qxf6 10. Bb5 O-O-O 11. Qd3 Nc5 12. Qc4 g5 13. b4 Nd7 14. Bc6 Ne5 15. Bxb7+ Kxb7 16. Qb3 Bg7 17. f3 h5 18. a4 Kc8 19. Nb5 a6 20. Na7+ Kd7 21. b5 a5 22. f4 gxf4 23. Rxf4 Qg6 24. Raf1 Rdf8 25. Nc6 Nxc6 26. bxc6+ Ke7 27. dxe6 fxe6 28. Qd3 Be5 29. Rxf8 Rxf8 30. Rxf8 Kxf8 31. Qf3+ Ke7 32. Nf2 Bd4 33. Kf1 Bxf2 34. Kxf2 Qf6 35. Qxf6+ Kxf6 36. Ke3 Ke5 37. h3 d5 38. g4 dxe4 39. gxh5 Kf6 40. Kxe4 b5 41. axb5 a4 42. Kd3 e5 43. b6 1-0

[Event "Lethbridge op"]
[Site "Lethbridge CAN"]
[Date "2009.04.04"]
[Round "3"]
[White "Davies, Jack"]
[Black "Vaiu, Ferni"]
[Result "1/2-1/2"]
[WhiteElo "1660"]
[BlackElo "1410"]
[PlyCount "111"]
[GameId "2160767910222981"]
[EventDate "2009.04.04"]
[EventType "swiss"]
[EventRounds "5"]
[EventCountry "CAN"]

1. e4 g6 2. d4 d6 3. Nc3 Bg7 4. Be3 e6 5. Qd2 h6 6. O-O-O a6 7. f3 Ne7 8. g4 Nd7 9. Nge2 b5 10. Ng3 Bb7 11. h4 Nb6 12. Be2 Rb8 13. h5 g5 14. Bd3 Nc4 15. Bxc4 bxc4 16. f4 Ng8 17. fxg5 hxg5 18. Bxg5 Qd7 19. Qe2 Nh6 20. Rhf1 e5 21. Nf5 Nxf5 22. exf5 f6 23. Bd2 Qf7 24. dxe5 dxe5 25. Ne4 Bxe4 26. Qxe4 c3 27. Bxc3 Qxa2 28. Qc6+ Kf8 29. Bb4+ Kg8 30. c3 Kh7 31. Kc2 a5 32. Ra1 Qf7 33. Rxa5 Rhd8 34. Rd1 Rxd1 35. Kxd1 Qb3+ 36. Ke2 Qxb2+ 37. Kf3 Rd8 38. Rd5 Rxd5 39. Qxd5 Qc1 40. Qc4 Qh1+ 41. Ke2 e4 42. Qf7 Qf3+ 43. Kd2 Qd3+ 44. Kc1 Qf1+ 45. Kc2 Qg2+ 46. Kb3 Qxg4 47. Qg6+ Qxg6 48. hxg6+ Kh6 49. Ba5 c6 50. c4 Kg5 51. Kc2 Kxf5 52. Kd2 Kxg6 53. Bb6 Bf8 54. Ke3 f5 55. Bc7 Kh5 56. Kf4 1/2-1/2

[Event "Lethbridge op"]
[Site "Lethbridge CAN"]
[Date "2009.04.04"]
[Round "3"]
[White "Hughey, Micah"]
[Black "Pisanski, Peter"]
[Result "1-0"]
[Annotator ",Tony"]
[WhiteElo "2179"]
[BlackElo "1369"]
[PlyCount "57"]
[GameId "2160767910222983"]
[EventDate "2009.04.04"]
[EventType "swiss"]
[EventRounds "5"]
[EventCountry "CAN"]

1. e4 e5 2. Nf3 Nc6 3. Bc4 Nf6 4. Ng5 d5 5. exd5 Na5 6. Bb5+ c6 7. dxc6 bxc6 8. Be2 h6 9. Nf3 e4 10. Ne5 Bd6 11. d4 exd3 12. Nxd3 Qc7 13. b3 c5 14. Nc3 Nc6 15. h3 Bb7 16. O-O Nd4 17. Be3 Nxe2+ 18. Qxe2 O-O-O 19. Nb5 Qb6 20. Nxd6+ Qxd6 21. Nxc5 Rhe8 22. Nxb7 Kxb7 23. Rad1 Qc6 24. Rxd8 Rxd8 25. Rd1 Re8 26. c4 g5 27. Qd3 Re7 28. Qd6 Qe4 29. Qxf6 1-0

[Event "Lethbridge op"]
[Site "Lethbridge CAN"]
[Date "2009.04.04"]
[Round "3"]
[White "Ilnytsky, Slava"]
[Black "Marshall, Jim"]
[Result "0-1"]
[WhiteElo "1295"]
[BlackElo "1620"]
[PlyCount "68"]
[GameId "2160767910222984"]
[EventDate "2009.04.04"]
[EventType "swiss"]
[EventRounds "5"]
[EventCountry "CAN"]
[SourceTitle "EXT 2011"]
[Source "ChessBase"]
[SourceDate "2011.11.26"]
[SourceVersion "1"]
[SourceVersionDate "2011.11.26"]
[SourceQuality "1"]

1. e4 c5 2. Nf3 d6 3. Bc4 e6 4. Nc3 a6 5. d3 Be7 6. Bf4 Nc6 7. O-O Nf6 8. Re1 O-O 9. Ng5 h6 10. Nf3 b5 11. Bb3 Nd4 12. Nxd4 cxd4 13. Ne2 e5 14. Bd2 a5 15. a3 Bb7 16. c3 a4 17. Ba2 dxc3 18. bxc3 d5 19. exd5 Bxd5 20. Bxd5 Qxd5 21. Be3 Rfd8 22. d4 Qc4 23. Qc2 exd4 24. Nxd4 Bc5 25. Nc6 Re8 26. Bxc5 Qxc5 27. Rxe8+ Rxe8 28. Nd4 Nd5 29. Nxb5 Qxb5 30. c4 Qc6 31. c5 Nf4 32. f3 Ne6 33. Re1 Rc8 34. Re4 Qxc5+ 0-1

[Event "Lethbridge op"]
[Site "Lethbridge CAN"]
[Date "2009.04.04"]
[Round "3"]
[White "Szulski, Adam"]
[Black "Scholz, Mike"]
[Result "1-0"]
[WhiteElo "1755"]
[BlackElo "1478"]
[PlyCount "87"]
[GameId "2160767910222985"]
[EventDate "2009.04.04"]
[EventType "swiss"]
[EventRounds "5"]
[EventCountry "CAN"]
[SourceTitle "EXT 2011"]
[Source "ChessBase"]
[SourceDate "2011.11.26"]
[SourceVersion "1"]
[SourceVersionDate "2011.11.26"]
[SourceQuality "1"]

1. e4 e6 2. d4 d5 3. Nc3 Bb4 4. e5 Nc6 5. a3 Bxc3+ 6. bxc3 Qh4 7. Nf3 Qe4+ 8. Be3 Nge7 9. Ng5 Qg6 10. g4 h6 11. Nh3 Qe4 12. Rg1 Qh7 13. Bd3 g6 14. Nf4 Bd7 15. Nh5 Ng8 16. Rb1 O-O-O 17. Nf4 Qg7 18. c4 Nge7 19. c5 Nb8 20. c4 g5 21. Nh5 Qf8 22. Qb3 Bc6 23. Nf6 Ng6 24. cxd5 exd5 25. Bf5+ Rd7 26. Nxd7 Nxd7 27. Bd3 Nh4 28. Rg3 Nb8 29. Bb5 Qe8 30. Bxc6 Qxc6 31. f4 Rg8 32. fxg5 hxg5 33. Bf2 Ng6 34. Rh3 Nf4 35. Rg3 Qa6 36. Qb5 c6 37. Qxa6 Nxa6 38. Rgb3 Rh8 39. Bg3 Ne6 40. Rxb7 Nxd4 41. e6 Nf3+ 42. Kf2 Nxh2 43. Rb8+ Nxb8 44. Rxb8# 1-0

[Event "Lethbridge op"]
[Site "Lethbridge CAN"]
[Date "2009.04.04"]
[Round "3"]
[White "Taylor, Bill"]
[Black "Cletheroe, Kelvin"]
[Result "1-0"]
[WhiteElo "1924"]
[BlackElo "1902"]
[PlyCount "93"]
[GameId "2160767910222986"]
[EventDate "2009.04.04"]
[EventType "swiss"]
[EventRounds "5"]
[EventCountry "CAN"]
[SourceTitle "EXT 2011"]
[Source "ChessBase"]
[SourceDate "2011.11.26"]
[SourceVersion "1"]
[SourceVersionDate "2011.11.26"]
[SourceQuality "1"]

1. f4 e5 2. e3 Nc6 3. fxe5 Nxe5 4. Nf3 Ng6 5. b3 Nf6 6. Bb2 Be7 7. Be2 O-O 8. O-O b6 9. Ne5 Nxe5 10. Bxe5 Bb7 11. Bf3 Bxf3 12. Qxf3 d6 13. Bb2 Ne8 14. Nc3 Bf6 15. Qc6 Rb8 16. a4 a5 17. Rf2 g6 18. Raf1 Bg7 19. Nd1 Bxb2 20. Nxb2 Ng7 21. Nd3 Ne6 22. Rf6 Qe7 23. Qe4 Qd7 24. h3 Rbe8 25. Qg4 Qc6 26. c4 d5 27. Ne5 Qd6 28. Nxf7 Qd7 29. Ng5 Nc5 30. Rxf8+ Rxf8 31. Rxf8+ Kxf8 32. Qxd7 Nxd7 33. Ne6+ Ke7 34. cxd5 Kd6 35. e4 c6 36. dxc6 Kxc6 37. d4 b5 38. Kf2 bxa4 39. bxa4 Kd6 40. Nc5 Nxc5 41. dxc5+ Kxc5 42. Ke3 h6 43. Kf4 Kd6 44. h4 Ke6 45. g4 Kf6 46. e5+ Ke6 47. h5 1-0

[Event "Lethbridge op"]
[Site "Lethbridge CAN"]
[Date "2009.04.04"]
[Round "3"]
[White "Zeggelaar, Mike"]
[Black "Holmes, Gregory"]
[Result "1-0"]
[WhiteElo "1834"]
[BlackElo "1631"]
[PlyCount "55"]
[GameId "2160767910222988"]
[EventDate "2009.04.04"]
[EventType "swiss"]
[EventRounds "5"]
[EventCountry "CAN"]

1. e4 e5 2. Nf3 Nc6 3. Bb5 a6 4. Ba4 Nf6 5. Bxc6 bxc6 6. d3 d6 7. O-O Be7 8. h3 O-O 9. Nc3 Nh5 10. Nxe5 dxe5 11. Qxh5 f5 12. exf5 Rxf5 13. Qe2 Bg5 14. Bxg5 Rxg5 15. Ne4 Rg6 16. Ng3 Qd4 17. b3 Rxg3 18. c3 Qb6 19. Qxe5 Rf3 20. gxf3 Bxh3 21. Rfe1 Rf8 22. Qg3 Bf5 23. Re7 Bg6 24. Qe5 Rf6 25. Rxc7 Bf5 26. Rc8+ Rf8 27. Rxf8+ Kxf8 28. Qxf5+ 1-0

[Event "Lethbridge op"]
[Site "Lethbridge CAN"]
[Date "2009.04.05"]
[Round "4"]
[White "Holmes, Gregory"]
[Black "Ficzere, Tony"]
[Result "1-0"]
[WhiteElo "1626"]
[BlackElo "1808"]
[PlyCount "34"]
[GameId "2160767910222989"]
[EventDate "2009.04.04"]
[EventType "swiss"]
[EventRounds "5"]
[EventCountry "CAN"]

1. e4 c5 2. Nf3 Nc6 3. d4 cxd4 4. Nxd4 Nf6 5. Nc3 e5 6. Nf5 d6 7. Ne3 a6 8. Bd3 b5 9. Ned5 Nxd5 10. Nxd5 Be6 11. c4 Bxd5 12. cxd5 Nd4 13. O-O Be7 14. Qg4 O-O 15. Bh6 Bf6 16. Be3 Rc8 17. Rac1 Qa5 1-0

[Event "Lethbridge op"]
[Site "Lethbridge CAN"]
[Date "2009.04.05"]
[Round "4"]
[White "Marshall, Jim"]
[Black "Viminitz, Paul"]
[Result "1-0"]
[WhiteElo "1620"]
[BlackElo "1600"]
[PlyCount "67"]
[GameId "2160767910222990"]
[EventDate "2009.04.04"]
[EventType "swiss"]
[EventRounds "5"]
[EventCountry "CAN"]
[SourceTitle "EXT 2011"]
[Source "ChessBase"]
[SourceDate "2011.11.26"]
[SourceVersion "1"]
[SourceVersionDate "2011.11.26"]
[SourceQuality "1"]

1. e4 d6 2. d4 Nf6 3. Nc3 g6 4. Nf3 Bg7 5. Bg5 O-O 6. Qd2 b6 7. Bh6 Bb7 8. Bxg7 Kxg7 9. e5 dxe5 10. Nxe5 e6 11. O-O-O Nbd7 12. Nxd7 Qxd7 13. f3 Rfd8 14. Bb5 c6 15. Ba4 b5 16. Bb3 a5 17. a3 b4 18. Na4 Qc7 19. axb4 axb4 20. Qxb4 Rdb8 21. Kb1 Ba6 22. Qd2 Bb5 23. Nc5 Nd5 24. c3 Ba6 25. Kc2 Qe7 26. Ra1 Nc7 27. Qf4 Bc8 28. Rxa8 Rxa8 29. Re1 Nd5 30. Qe5+ Kg8 31. Bxd5 cxd5 32. Qxd5 Ra7 33. Qe5 f6 34. Qb8 1-0

[Event "Lethbridge op"]
[Site "Lethbridge CAN"]
[Date "2009.04.05"]
[Round "4"]
[White "Sequillion, Aaron"]
[Black "Hughey, Micah"]
[Result "0-1"]
[Annotator ",Tony"]
[WhiteElo "1952"]
[BlackElo "2179"]
[PlyCount "66"]
[GameId "2160767910222991"]
[EventDate "2009.04.04"]
[EventType "swiss"]
[EventRounds "5"]
[EventCountry "CAN"]

1. e4 e5 2. Nf3 Nc6 3. Bb5 a6 4. Ba4 Nf6 5. O-O Be7 6. Re1 b5 7. Bb3 O-O 8. a4 Bb7 9. c3 d5 10. exd5 Nxd5 11. Nxe5 Nxe5 12. Rxe5 Nf4 13. d4 Nxg2 14. axb5 Nh4 15. Nd2 Bd6 16. Rh5 Qf6 17. Qg4 Nf3+ 18. Nxf3 Bxf3 19. Qf5 Bxh5 20. Qxh5 axb5 21. Rxa8 Rxa8 22. Be3 Ra1+ 23. Kg2 Qg6+ 24. Qxg6 hxg6 25. Bc2 Ra2 26. Bc1 Ba3 27. Be4 Ra1 28. Bf4 Bxb2 29. Bxc7 Bxc3 30. Bc6 b4 31. d5 b3 32. d6 b2 33. Be4 Be5 0-1

[Event "Lethbridge op"]
[Site "Lethbridge CAN"]
[Date "2009.04.05"]
[Round "4"]
[White "Szulski, Adam"]
[Black "Zeggelaar, Mike"]
[Result "0-1"]
[WhiteElo "1755"]
[BlackElo "1834"]
[PlyCount "68"]
[GameId "2160767910222992"]
[EventDate "2009.04.04"]
[EventType "swiss"]
[EventRounds "5"]
[EventCountry "CAN"]
[SourceTitle "EXT 2011"]
[Source "ChessBase"]
[SourceDate "2011.11.26"]
[SourceVersion "1"]
[SourceVersionDate "2011.11.26"]
[SourceQuality "1"]

1. e4 e6 2. d4 d5 3. Nc3 Nf6 4. e5 Nfd7 5. f4 c5 6. Nf3 Nc6 7. Be3 cxd4 8. Nxd4 Be7 9. Bb5 Nxd4 10. Bxd4 O-O 11. O-O f6 12. Bxd7 Bxd7 13. f5 fxe5 14. Bxe5 Rf6 15. Bxf6 Bxf6 16. Nxd5 exd5 17. Qxd5+ Kh8 18. Rad1 Qb6+ 19. Kh1 Bc6 20. Qb3 Qc7 21. Kg1 Re8 22. Rd2 Bg5 23. Rd3 Re2 24. Rg3 Bf4 25. Qb4 Bd6 26. Qg4 Rxc2 27. f6 Bxg3 28. fxg7+ Qxg7 29. Rf8+ Qxf8 30. Qd4+ Kg8 31. Qg4+ Qg7 32. Qe6+ Qf7 33. Qg4+ Kf8 34. Qc8+ Ke7 0-1

[Event "Lethbridge op"]
[Site "Lethbridge CAN"]
[Date "2009.04.05"]
[Round "4"]
[White "Viau, Ferni"]
[Black "Kuczaj, Chris"]
[Result "0-1"]
[WhiteElo "1410"]
[BlackElo "1997"]
[PlyCount "38"]
[GameId "2160767910222993"]
[EventDate "2009.04.04"]
[EventType "swiss"]
[EventRounds "5"]
[EventCountry "CAN"]
[SourceTitle "EXT 2011"]
[Source "ChessBase"]
[SourceDate "2011.11.26"]
[SourceVersion "1"]
[SourceVersionDate "2011.11.26"]
[SourceQuality "1"]

1. e4 c5 2. Nf3 d6 3. d4 cxd4 4. Nxd4 Nf6 5. Bc4 Nxe4 6. Qh5 e6 7. Bb5+ Bd7 8. Nxe6 Qe7 9. Nc7+ Kd8 10. O-O Kxc7 11. Nc3 Nxc3 12. bxc3 Bxb5 13. Qxb5 Nc6 14. Bf4 Qf6 15. Rab1 b6 16. Be3 Rb8 17. Rfe1 Qxc3 18. Qd5 Ne5 19. Rb3 Qxe1# 0-1

[Event "Lethbridge op"]
[Site "Lethbridge CAN"]
[Date "2009.04.05"]
[Round "5"]
[White "Berndtsson, Kurt"]
[Black "Viau, Ferni"]
[Result "0-1"]
[WhiteElo "1301"]
[BlackElo "1410"]
[PlyCount "56"]
[GameId "2160767910222994"]
[EventDate "2009.04.04"]
[EventType "swiss"]
[EventRounds "5"]
[EventCountry "CAN"]
[SourceTitle "EXT 2011"]
[Source "ChessBase"]
[SourceDate "2011.11.26"]
[SourceVersion "1"]
[SourceVersionDate "2011.11.26"]
[SourceQuality "1"]

1. e4 g6 2. d4 Bg7 3. Nf3 d6 4. Nc3 e6 5. Be2 a6 6. O-O h6 7. b3 b6 8. a4 Bb7 9. Bb2 Nd7 10. g3 Nf8 11. Qd3 Nh7 12. Nh4 Ng5 13. Kg2 Qd7 14. f4 e5 15. Nd5 Qh3+ 16. Kh1 exf4 17. gxf4 Qxh4 18. Nxc7+ Kd8 19. fxg5 Bxe4+ 20. Qxe4 Qxe4+ 21. Bf3 Qxc2 22. Rac1 Qxb2 23. Bxa8 hxg5 24. Bg2 Nf6 25. h3 Ng4 26. Kg1 Bxd4+ 27. Kh1 Rxh3+ 28. Bxh3 Qh2# 0-1

[Event "Lethbridge op"]
[Site "Lethbridge CAN"]
[Date "2009.04.05"]
[Round "5"]
[White "Davies, Jack"]
[Black "Marshall, Jim"]
[Result "0-1"]
[WhiteElo "1660"]
[BlackElo "1620"]
[PlyCount "72"]
[GameId "2160767910222995"]
[EventDate "2009.04.04"]
[EventType "swiss"]
[EventRounds "5"]
[EventCountry "CAN"]
[SourceTitle "EXT 2011"]
[Source "ChessBase"]
[SourceDate "2011.11.26"]
[SourceVersion "1"]
[SourceVersionDate "2011.11.26"]
[SourceQuality "1"]

1. e4 c5 2. Nf3 d6 3. d4 cxd4 4. Nxd4 Nf6 5. Nc3 a6 6. Be3 e6 7. f3 Qc7 8. Qd2 b5 9. O-O-O Nc6 10. g4 Nxd4 11. Bxd4 Nd7 12. h4 Nb6 13. Bd3 Bb7 14. h5 e5 15. Be3 Nc4 16. Bxc4 Qxc4 17. Kb1 Rc8 18. g5 Be7 19. g6 h6 20. gxf7+ Kxf7 21. Qg2 Qe6 22. f4 Rxc3 23. bxc3 Qc4 24. Qg6+ Kf8 25. fxe5 Bxe4 26. Rhf1+ Kg8 27. Qg3 Qxc3 28. Rd3 Bxd3 29. cxd3 Qxd3+ 30. Kb2 Qxf1 31. exd6 Bf6+ 32. Kc2 Qe2+ 33. Bd2 Bg5 34. Qd3 Qxd3+ 35. Kxd3 Bxd2 36. Kxd2 Kf7 0-1

[Event "Lethbridge op"]
[Site "Lethbridge CAN"]
[Date "2009.04.05"]
[Round "5"]
[White "Hughey, Micah"]
[Black "Yearwood, Roy"]
[Result "1-0"]
[Annotator ",Tony"]
[WhiteElo "2179"]
[BlackElo "2040"]
[PlyCount "46"]
[GameId "2160767910222996"]
[EventDate "2009.04.04"]
[EventType "swiss"]
[EventRounds "5"]
[EventCountry "CAN"]

1. d4 g6 2. e4 Bg7 3. Nc3 d6 4. Bc4 a6 5. a4 Nf6 6. Qe2 O-O 7. e5 Nfd7 8. e6 fxe6 9. Bxe6+ Kh8 10. Nf3 Nc6 11. Be3 Rf6 12. Ng5 Qe8 13. Nd5 Nf8 14. Bxc8 Qxc8 15. Nxf6 exf6 16. Nf3 Qf5 17. O-O Re8 18. Qd2 Re4 19. Bh6 Nd7 20. Bxg7+ Kxg7 21. Rfe1 Rf4 22. Re8 Rxf3 23. gxf3 Nxd4 1-0

[Event "London CC-ch A"]
[Site "London CAN"]
[Date "2009.03.19"]
[Round "1"]
[White "Francis, Robert James"]
[Black "Demmery, Steve"]
[Result "1/2-1/2"]
[WhiteElo "1909"]
[BlackElo "2125"]
[PlyCount "108"]
[GameId "2160767910231350"]
[EventDate "2009.03.19"]
[EventType "tourn"]
[EventRounds "12"]
[EventCountry "CAN"]
[SourceTitle "EXT 2022"]
[Source "ChessBase"]
[SourceDate "2021.10.06"]
[SourceVersion "1"]
[SourceVersionDate "2021.10.06"]
[SourceQuality "1"]

1. c4 e6 2. Nc3 b6 3. Nf3 Bb7 4. g3 f5 5. Bg2 Nf6 6. d3 Be7 7. O-O O-O 8. Rb1 a5 9. a3 Na6 10. Bd2 Qe8 11. Nb5 Qh5 12. b4 axb4 13. axb4 h6 14. e3 Rfb8 15. Ne5 Qe8 16. Bc3 Bxg2 17. Kxg2 d6 18. Nf3 e5 19. Nd2 c6 20. Na3 Nc7 21. Ra1 Kh8 22. Qb3 Qh5 23. Qd1 Qg6 24. f4 Ng4 25. Qf3 exf4 26. exf4 d5 27. Nc2 Bf6 28. Bxf6 Qxf6 29. d4 Qf7 30. h3 Nf6 31. c5 bxc5 32. bxc5 Ne4 33. Qd3 Nb5 34. Rfb1 Qe7 35. Nb4 Qb7 36. Nf3 Rxa1 37. Rxa1 Nbc3 38. Nc2 Ra8 39. Rxa8+ Qxa8 40. Ne5 Qa4 41. h4 Qa8 42. Nf7+ Kg8 43. Nd6 g6 44. Kf3 Qd8 45. Nb4 Qd7 46. Qa6 Nxd6 47. cxd6 Qxd6 48. Nxc6 Qe6 49. Qa8+ Kg7 50. Ne5 Qe7 51. Qc6 Ne4 52. Qxg6+ Kf8 53. Qxh6+ Qg7 54. Qxg7+ Kxg7 1/2-1/2